000 00478nam a2200181Ia 4500
001 14744
005 20260306164936.0
008 260306t2000||||xx |||||||||||||| ||spa||
041 _aESP
082 _a519.2
_bA41
100 _aLopes, Paulo Afonso
_eAUT
245 0 _aProbabilidad & estadĂ­stica:
_bconceptos, modelos, aplicaciones en excel
260 _c2000
300 _axxii, 298 páginas :
_c25 cm.
650 _aGEN
654 _aCMA
942 _cLIB
_dJUS
_fJUS
_2ddc
_n
999 _c14744
_d14744